| 000 | 00575cam a2200217ua 4500 | ||
|---|---|---|---|
| 005 | 20230907155833.0 | ||
| 008 | 150103n ii |||gr||||Z||||||eng | ||
| 020 | _a9789381784181 | ||
| 040 |
_cMAIN _aIN-DiNC |
||
| 041 | _deng | ||
| 082 |
_a370 _bSAI |
||
| 100 |
_aSaikia, Tarun, _eauthor |
||
| 245 | 1 |
_aHigher secondary education (class XI)/ _cBy Tarun Saikia |
|
| 250 | _a11th ed. | ||
| 260 |
_aJorhat: _bBidya bhawan, _c2013. |
||
| 300 | _a302p. | ||
| 650 | _aEducation for class XI | ||
| 653 | _aEducation | ||
| 700 |
_aSaikia, Runu Borah, _eauthor |
||
| 942 |
_cBK _2ddc |
||
| 999 |
_c7107 _d7107 |
||